Các món ăn cho người bệnh tiểu đường
Nội dung sách hướng dẫn chế biến những món ăn chữa bệnh cho những người bị tiểu đường.
Gespeichert in:
| 1. Verfasser: | |
|---|---|
| Format: | Buch |
| Sprache: | Undetermined |
| Veröffentlicht: |
Thành phố Hồ Chí Minh
Nhà xuất bản Thành phố Hồ Chí Minh
2007
|
| Schlagworte: | |
| Tags: |
Tag hinzufügen
Keine Tags, Fügen Sie den ersten Tag hinzu!
|
| Thư viện lưu trữ: | Trung tâm Học liệu Trường Đại học Cần Thơ |
|---|
| LEADER | 00798nam a2200217Ia 4500 | ||
|---|---|---|---|
| 001 | CTU_128552 | ||
| 008 | 210402s9999 xx 000 0 und d | ||
| 020 | |c 29000 | ||
| 082 | |a 613.2 | ||
| 082 | |b F516 | ||
| 100 | |a Finsand, Mary Jane | ||
| 245 | 0 | |a Các món ăn cho người bệnh tiểu đường | |
| 245 | 0 | |c Mary Jane Finsand | |
| 260 | |a Thành phố Hồ Chí Minh | ||
| 260 | |b Nhà xuất bản Thành phố Hồ Chí Minh | ||
| 260 | |c 2007 | ||
| 520 | |a Nội dung sách hướng dẫn chế biến những món ăn chữa bệnh cho những người bị tiểu đường. | ||
| 650 | |a Diet-kitchens,Nutrition | ||
| 650 | |x Dietetics | ||
| 904 | |i Hiếu | ||
| 980 | |a Trung tâm Học liệu Trường Đại học Cần Thơ | ||